Guide to Wireless Network Security / (Record no. 603370)
[ view plain ]
| 000 -LEADER | |
|---|---|
| fixed length control field | 00746nam a22001577a 4500 |
| 020 ## - INTERNATIONAL STANDARD BOOK NUMBER | |
| International Standard Book Number | 0387954252 |
| 040 ## - CATALOGING SOURCE | |
| Transcribing agency | 0 |
| 082 ## - DEWEY DECIMAL CLASSIFICATION NUMBER | |
| Classification number | 621.382,VAC |
| 100 ## - MAIN ENTRY--PERSONAL NAME | |
| Personal name | R. Vacca, John |
| 9 (RLIN) | 118420 |
| 245 ## - TITLE STATEMENT | |
| Title | Guide to Wireless Network Security / |
| Statement of responsibility, etc. | John R. Vacca, |
| 260 ## - PUBLICATION, DISTRIBUTION, ETC. | |
| Place of publication, distribution, etc. | USA |
| Name of publisher, distributor, etc. | Springer |
| Date of publication, distribution, etc. | 2006 |
| 300 ## - PHYSICAL DESCRIPTION | |
| Extent | xxii, 848 p |
| 505 ## - FORMATTED CONTENTS NOTE | |
| Formatted contents note | Part.I Overview of Wireless Network Security Technology (Page-1), Part.II Designing Wireless Network Security (Page-161), Part.III Planning for Wireless Networks Security (Page-213), Installing and Deploying Wireless Network Security (Page-261), Part.IV Information Warfare Countermeasure (Page-369), Part.VII Results and Future Directions (Page-681). |
| 650 ## - SUBJECT ADDED ENTRY--TOPICAL TERM | |
| Topical term or geographic name entry element | Wireless Network Security |
| 9 (RLIN) | 118418 |
| 942 ## - ADDED ENTRY ELEMENTS (KOHA) | |
| Source of classification or shelving scheme | |
| Koha item type | Book |
| Withdrawn status | Lost status | Source of classification or shelving scheme | Damaged status | Not for loan | Permanent Location | Current Location | Shelving location | Date acquired | Total Checkouts | Full call number | Barcode | Date last seen | Date last checked out | Price effective from | Koha item type | Public note |
|---|---|---|---|---|---|---|---|---|---|---|---|---|---|---|---|---|
| Military College of Signals (MCS) | Military College of Signals (MCS) | Reference | 10/09/2023 | 1 | 621.382,VAC | MCS38752 | 02/24/2026 | 10/09/2023 | 10/09/2023 | Reference | Almirah Fresh No.45, Shelf No.3 |
